Biblioteca "Ernesto Sabato"
Facultad de Derecho y Ciencias Sociales
Facultad de Lenguas
Universidad Nacional del Comahue

Diseños experimentales y cuasiexperimentales en la investigación social (Record no. 6771)

MARC details
000 -CABECERA
campo de control de longitud fija 00597cam a22002172a 4500
001 - NÚMERO DE CONTROL
campo de control 000931
003 - IDENTIFICADOR DEL NÚMERO DE CONTROL
campo de control AR-FADEU
008 - DATOS DE LONGITUD FIJA--INFORMACIÓN GENERAL
campo de control de longitud fija 311216n1973####xxu####################dd
020 ## - NÚMERO INTERNACIONAL ESTÁNDAR DEL LIBRO
Número Internacional Estándar del Libro 950-518-042-X
092 ## - ASIGNACIÓN LOCAL DE SIGNATURA TOPOGRÁFICA DEWEY (OCLC)
Número de clasificación 001.420 724
Número de documento/Ítem C187
100 ## - ENTRADA PRINCIPAL--NOMBRE DE PERSONA
Nombre de persona Campbell, Donald T.
245 ## - MENCIÓN DE TÍTULO
Título Diseños experimentales y cuasiexperimentales en la investigación social
260 ## - PUBLICACIÓN, DISTRIBUCIÓN, ETC. (PIE DE IMPRENTA)
Lugar de publicación, distribución, etc. Buenos Aires
260 ## - PUBLICACIÓN, DISTRIBUCIÓN, ETC. (PIE DE IMPRENTA)
Nombre del editor, distribuidor, etc. Amorrortu
260 ## - PUBLICACIÓN, DISTRIBUCIÓN, ETC. (PIE DE IMPRENTA)
Fecha de publicación, distribución, etc. 1973-78
300 ## - DESCRIPCIÓN FÍSICA
Extensión 158 p
440 ## - MENCIÓN DE SERIE/PUNTO DE ACCESO ADICIONAL--TÍTULO
Título Biblioteca de sociología
650 ## - PUNTO DE ACCESO ADICIONAL DE MATERIA--TÉRMINO DE MATERIA
Término de materia o nombre geográfico como elemento inicial INVESTIGACION SOCIAL; DISENO EXPERIMENTAL
700 ## - PUNTO DE ACCESO ADICIONAL--NOMBRE DE PERSONA
Nombre de persona Julián, Stanley
942 ## - ELEMENTOS DE PUNTO DE ACCESO ADICIONAL (KOHA)
Tipo de ítem Koha BDGR
Holdings
Estado de retiro Estado de pérdida Estado dañado No para préstamo Localización permanente Ubicación/localización actual Fecha de adquisición Número de inventario Total de préstamos Signatura topográfica completa Código de barras Fecha visto por última vez Precio válido a partir de Tipo de ítem Koha Fuente del sistema de clasificación o colocación
        Biblioteca Ernesto Sabato - FADECS - UNCOMA Biblioteca Ernesto Sabato - FADECS - UNCOMA 20/02/2017 10635   001.420 724 C187 10635 20/02/2017 20/02/2017 BDGR  
        Biblioteca Ernesto Sabato - FADECS - UNCOMA Biblioteca Ernesto Sabato - FADECS - UNCOMA 20/02/2017 5740   001.420 724 C187 5740 20/02/2017 20/02/2017 BDGR  
        Biblioteca Ernesto Sabato - FADECS - UNCOMA Biblioteca Ernesto Sabato - FADECS - UNCOMA 14/11/2025 27078   001.420 724 C187 27078 14/11/2025 14/11/2025 BMB Dewey Decimal Classification
Facultad de Derecho y Ciencias Sociales | Universidad Nacional del Comahue | Mendoza y Perú General Roca | Río Negro CP (8332) | Patagonia Argentina | Teléfono: 54-0298-4433670 | | Fax: 0298-4432093 | Fax alumnos: 0298-4435700